Vergikeinnicht / (Record no. 26274)

MARC details
000 -LEADER
campo de control de longitud fija 00573nam a2200205 i 4500
001 - NÚMERO DE CONTROL
campo de control 26274
003 - IDENTIFICADOR DE NÚMERO DE CONTROL
campo de control ES-MaACL
005 - FECHA Y HORA DE LA ÚLTIMA TRANSACCIÓN
campo de control 20230906153420.0
007 - CAMPO FIJO DE DESCRIPCIÓN FÍSICA--INFORMACIÓN GENERAL
campo de control de longitud fija t|
008 - DATOS DE LONGITUD FIJA--INFORMACIÓN GENERAL
campo de control de longitud fija 030108s1973 sp ||||1| spa d
100 1# - ENTRADA PRINCIPAL--NOMBRE DE PERSONA
Nombre de persona Arévalo, Rodolfo.
9 (RLIN) 22660
245 10 - MENCIÓN DEL TÍTULO
Título Vergikeinnicht /
Mención de responsabilidad, etc. Rodolfo Arévalo.
250 ## - MENCION DE EDICION
Mención de edición [1ª ed.].
260 ## - PUBLICACIÓN, DISTRIBUCIÓN, ETC.
Lugar de publicación, distribución, etc. Madrid :
Nombre del editor, distribuidor, etc. Literoy,
Fecha de publicación, distribución, etc. [1973]
300 ## - DESCRIPCIÓN FÍSICA
Extensión 109 p. ;
Dimensiones 19 cm.
490 1# - MENCIÓN DE SERIE
Mención de serie Colección voz del tiempo ;
Designación de volumen o secuencia 16
830 0# - PUNTO DE ACCESO ADICIONAL DE SERIE-TÍTULO UNIFORME
Título uniforme Colección voz del tiempo ;
Designación de volumen o secuencia 16
9 (RLIN) 181034
852 ## - LOCALIZACIÓN
Ubicación ES-MaACL
Número de control de estantería C-54546
Sublocalización o colección R.87438
Holdings
Estatus retirado Estado de pérdida Estado de daño No para préstamo Biblioteca de origen Biblioteca actual Ubicación en estantería Fecha de adquisición Fuente de adquisición Total de préstamos Signatura topográfica completa Código de barras Visto por última vez Precio de reemplazo Tipo de ítem Koha
        Biblioteca del Ateneo de Madrid Biblioteca del Ateneo de Madrid Depósito 2 17/01/2008     C-54546 1027114 23/02/2023 23/02/2023 Libro impreso